000 00592nam a2200181Ia 4500
008 100920s9999 xx 000 0 und d
082 _b70799
_a51 थ 96
100 _aऔरंगाबादकर अनुराधा.
245 _aदेव आनंद.
260 _bइंद्रायणी साहित्य प्रकाशन ,पुणे 30.
_c1996
300 _a272
_bसाधी
365 _b200
520 _aचरित्र.
630 _aदेव आनंद.
650 _aचरित्र.
730 _aदेव आनंद.
942 _cBOOK
999 _c712775
_d712772